Testy FV modulov

Salvato in:
Dettagli Bibliografici
Autore principale: Pecho, Slavomír (Autore)
Altri autori: Šály, Vladimír (Relatore della tesi)
Natura: Manoscritto Libro
Lingua:slovacco
Pubblicazione: 2017
Soggetti:
Accesso online:http://is.stuba.sk/zp/portal_zp.pl?podrobnosti=131104
Tags: Aggiungi Tag
Nessun Tag, puoi essere il primo ad aggiungerne!!

MARC

LEADER 00000ntm a22000003a 4500
001 stuzp55911
003 SK-STU
005 20170726123239.7
007 ta
008 150427s2015----xo-----f-mn---000-0-slo-d
040 |a STU  |b slo 
041 0 |a slo 
044 |a xo 
100 1 |a Pecho, Slavomír  |u 032000  |4 aut  |U FEI Fakulta elektrotechniky a informatiky  |T FEI Ústav elektroenergetiky a aplikovanej elektrotechniky  |X 54267  |U E020  |Y 548  |7 54267 
242 0 1 |a Tests of PV Modules  |y eng 
245 1 0 |a Testy FV modulov 
260 |c 2017 
300 |a 46 s. 
650 4 |a fotovoltika  |2 slo 
650 4 |a elektrické merania  |2 slo 
650 4 |a fotovoltický modul  |2 slo 
650 4 |a photovoltaics  |2 eng 
650 4 |a photovoltaic modul  |2 eng 
650 4 |a electric measurement  |2 eng 
700 1 |a Šály, Vladimír  |u 032000  |k Z1  |4 ths  |U FEI Fakulta elektrotechniky a informatiky  |T FEI Ústav elektroenergetiky a aplikovanej elektrotechniky  |X 3445  |U E020  |Y 548  |7 A000003445 
856 4 |u http://is.stuba.sk/zp/portal_zp.pl?podrobnosti=131104 
996 |b 284ER02420  |c E*Bc- 2420  |l EE32  |s P  |a 0  |w stuzp55911_0001